00658 2200241 4500001002100000005001500021035002000036245006700056100002000123250000600143300003600149700001500185260004900200082001100249084001700260020001500277650003900292990001700331990001700348990001700365990001700382990001700399INLIS00000000000053520181207115336 a0010-12180000211 aBudidaya Tanaman Pangan /cNuruli Khotimah; Editor, Prihananto0 aNuruli Khotimah a- aiv, 156 hlm. :bilus. ;c25 cm.0 aPrihananto aJakarta :bCV Karya Mandiri Nusantara,c2007 a631.53 a631.53 NUR b a9791131503 aPengembangbiakan Tanaman Pertanian a01914/P/2018 a01915/P/2018 a01916/P/2018 a01917/P/2018 a01918/P/2018